| 000 | 00620cam a2200181 4500 | ||
|---|---|---|---|
| 005 | 20260216135530.0 | ||
| 008 | 030826s1997 ag 000 0 spa u | ||
| 050 | 0 | 4 |
_aKHA3846 _bB74 1997 |
| 100 | 1 | _aBrebbia, Fernando P. | |
| 245 | 1 | 0 |
_aTratado teórico práctico de los contratos agrarios _c / Fernando P. Brebbia, Nancy L. Malanos |
| 250 | _a1a ed. | ||
| 260 |
_aBuenos Aires : _bRubinzal-Culzoni Editores, _c1997 |
||
| 300 |
_a589 p. ; _c23 cm. |
||
| 504 | _aBibliografía : p. 569-574 e índice | ||
| 650 | 7 |
_2lemb _aContratos agricolas _zArgentina |
|
| 700 | 1 |
_aMalanos, Nancy L., _eautor |
|
| 942 |
_2lcc _cLIB |
||
| 999 |
_c137497 _d137495 |
||